| 000 | 00352nam a2200109Ia 4500 | ||
|---|---|---|---|
| 008 | 171211s9999 xx 000 0 und d | ||
| 245 | _aWebsite Design and Development: 100 Questions to Ask Before Building a Website | ||
| 245 | _cGeorge Plumley | ||
| 260 | _c2010 | ||
| 650 | _xWeb Development | ||
| 856 | _uhttp://down.ebook777.com/014/9780470889527.pdf | ||
| 999 |
_c350063 _d350063 |
||